000
00323nam a2200145Ia 4500
008
240112s2018 xx 000 0 und d
022
_a
9719202
041
_a
eng
082
_a
618
100
_a
KHADILKAR S.
245
_a
THE JOU. OF OBST. & GYNAC.
260
_b
SPRINGER
_c
2018
300
_a
510
_c
4-6
440
_v
68
999
_c
1145726
_d
1145726